Life is tremendous (Record no. 9354)

MARC details
000 -LEADER
fixed length control field 00634nam a2200169Ia 4500
005 - DATE AND TIME OF LATEST TRANSACTION
control field 20250117104007.0
008 - FIXED-LENGTH DATA ELEMENTS--GENERAL INFORMATION
fixed length control field 250117s9999 xx 000 0 und d
020 ## - INTERNATIONAL STANDARD BOOK NUMBER
International Standard Book Number 978-0842321846
082 ## - DEWEY DECIMAL CLASSIFICATION NUMBER
Classification number 650.1JON
100 ## - MAIN ENTRY--PERSONAL NAME
Personal name Jones, Charles E.
245 #0 - TITLE STATEMENT
Title Life is tremendous
260 ## - PUBLICATION, DISTRIBUTION, ETC.
Place of publication, distribution, etc. Illinois
Name of publisher, distributor, etc. Tyndale House
Date of publication, distribution, etc. 1996
300 ## - PHYSICAL DESCRIPTION
Extent 85 p. illus. 22 cm.
500 ## - GENERAL NOTE
General note Includes bibliographical references.
520 ## - SUMMARY, ETC.
Summary, etc. Believing that enthusiasm makes the difference, Charlie shows how anyone can be happy, involved, relevant, and secure in the midst of a high-pressure, commercialized, automated society.
650 ## - SUBJECT ADDED ENTRY--TOPICAL TERM
Topical term or geographic name entry element Success in business.
Holdings
Withdrawn status Lost status Source of classification or shelving scheme Damaged status Not for loan Home library Current library Date acquired Total checkouts Full call number Barcode Date due Date last seen Date last checked out Price effective from Koha item type
    Dewey Decimal Classification     UONGOZI Institute Resources Centre - Dar es Salaam UONGOZI Institute Resources Centre - Dar es Salaam 01/17/2025 1 650.1JON UR007937 04/24/2026 04/10/2026 04/10/2026 01/17/2025 Book